[Event "SWE-chT 1920 Superettan"]
[Site "Sweden"]
[Date "2020.02.01"]
[Round "5"]
[White "Mohammadi, Amir"]
[Black "Torngren, Gustav"]
[Result "1/2-1/2"]
[WhiteElo "2294"]
[BlackElo "2227"]
[PlyCount "134"]
[EventDate "2019.10.18"]
[EventType "team-tourn"]
[EventRounds "9"]
[EventCountry "SWE"]
[SourceTitle "EXT 2023"]
[Source "ChessBase"]
[SourceDate "2022.10.05"]
[SourceVersion "1"]
[SourceVersionDate "2022.10.05"]
[SourceQuality "1"]
[WhiteTeam "Kamraterna"]
[BlackTeam "Orgryte"]
[WhiteTeamCountry "SWE"]
[BlackTeamCountry "SWE"]

1. e4 e6 2. d3 d5 3. Nd2 Nf6 4. e5 Nfd7 5. f4 c5 6. Ngf3 Nc6 7. g3 Be7 8. Bh3 g5 9. fxg5 Ndxe5 10. Nxe5 Nxe5 11. Nf3 Bd6 12. Rf1 Ng6 13. Qe2 Qc7 14. Rf2 Bd7 15. Bd2 0-0-0 16. 0-0-0 Rhe8 17. Rdf1 Nh8 18. Nh4 Bb5 19. c4 Bc6 20. Qh5 dxc4 21. dxc4 Be4 22. Qe2 Bc6 23. Bc3 Bxg3 24. hxg3 Qxg3 25. Qg4 Qe3+ 26. Rd2 Rxd2 27. Bxd2 Qd3 28. Rf3 Bxf3 29. Nxf3 Rd8 30. Bg2 Qe2 31. Qh3 Qxc4+ 32. Bc3 Qxa2 33. Nd2 Qa1+ 34. Kc2 Qa4+ 35. Kc1 Ng6 36. Qxh7 Qf4 37. Qh1 Rd7 38. Kb1 Rxd2 39. Bxb7+ Kb8 40. Bxd2 Qxd2 41. Qc6 Qe1+ 42. Kc2 Qe2+ 43. Kc1 Qf1+ 44. Kc2 Qf5+ 45. Kb3 Qd3+ 46. Ka2 Qd5+ 47. Qxd5 exd5 48. Bxd5 Ne5 49. Kb3 Kc7 50. Be4 Kb6 51. Kc3 Kc7 52. Kb3 Kd6 53. Ka4 Ng6 54. Kb5 Ke5 55. Bb1 Nf8 56. Kc6 Ne6 57. g6 fxg6 58. Bxg6 Kd4 59. Kb7 Nf4 60. Bh7 a5 61. Ka6 a4 62. Kb5 c4 63. Kxa4 Nd3 64. Ka3 Kc5 65. Bg8 Ne5 66. Bxc4 Nxc4+ 67. Ka2 Nxb2 1/2-1/2

[Event "SWE Cup"]
[Site "Sweden"]
[Date "2017.03.26"]
[Round "9.2"]
[White "Lindberg, Henrik"]
[Black "Mohammadi, Amir"]
[Result "1/2-1/2"]
[WhiteElo "2248"]
[BlackElo "2297"]
[PlyCount "51"]
[EventDate "2017.01.14"]
[EventType "team-tourn"]
[EventRounds "9"]
[EventCountry "SWE"]
[SourceTitle "CBM 177 Extra"]
[Source "ChessBase"]
[SourceDate "2017.04.27"]
[SourceVersion "1"]
[SourceVersionDate "2017.04.27"]
[SourceQuality "1"]
[WhiteTeam "Upsala"]
[BlackTeam "Kamraterna"]
[WhiteTeamCountry "SWE"]
[BlackTeamCountry "SWE"]

1. e4 e5 2. Nf3 Nc6 3. Bb5 Bc5 4. 0-0 Nd4 5. Nxd4 Bxd4 6. c3 Bb6 7. d4 c6 8. Ba4 d6 9. dxe5 dxe5 10. Qxd8+ Bxd8 11. Be3 Be6 12. Bb3 Bxb3 13. axb3 a6 14. b4 Bc7 15. Nd2 0-0-0 16. Nc4 Nf6 17. f3 Rd3 18. Rfd1 Rhd8 19. Rxd3 Rxd3 20. Kf2 b5 21. Na5 Bxa5 22. Rxa5 Kb7 23. Ra1 Ne8 24. Ke2 Rd7 25. Bc5 Nc7 26. Be3 1/2-1/2

[Event "Gothenburg op"]
[Site "Gothenburg"]
[Date "2016.08.21"]
[Round "7"]
[White "Mohammadi, Amir"]
[Black "Greenfeld, Alon"]
[Result "1/2-1/2"]
[WhiteElo "2288"]
[BlackElo "2568"]
[PlyCount "71"]
[EventDate "2016.08.19"]
[EventType "swiss"]
[EventRounds "8"]
[EventCountry "SWE"]
[SourceTitle "CBM 174 Extra"]
[Source "ChessBase"]
[SourceDate "2016.10.10"]
[SourceVersion "1"]
[SourceVersionDate "2016.10.10"]
[SourceQuality "1"]

1. e4 c5 2. Nc3 Nc6 3. g3 g6 4. Bg2 Bg7 5. d3 d6 6. Be3 Nf6 7. h3 Rb8 8. Qd2 b5 9. Bh6 Bxh6 10. Qxh6 Nd4 11. Qd2 e5 12. Nce2 0-0 13. c3 Nxe2 14. Nxe2 Bb7 15. Qe3 d5 16. 0-0 Qc7 17. a4 c4 18. d4 bxa4 19. dxe5 Nxe4 20. Rxa4 a6 21. Nd4 Qxe5 22. Bxe4 Qxe4 23. Qxe4 dxe4 24. Rxc4 Bc8 25. Nc6 Be6 26. Rb4 Rxb4 27. Nxb4 a5 28. Nc6 a4 29. Ra1 Ra8 30. h4 Bd7 31. Nb4 Kg7 32. Kf1 Bg4 33. Ke1 Rd8 34. Nc6 Rd5 35. Nd4 Bd7 36. Ke2 1/2-1/2

[Event "SWE-chT 1516 Superettan"]
[Site "Sweden"]
[Date "2016.02.27"]
[Round "6"]
[White "Mohammadi, Amir"]
[Black "Anderzen, Robert"]
[Result "1-0"]
[WhiteElo "2279"]
[BlackElo "2033"]
[PlyCount "61"]
[EventDate "2015.11.06"]
[EventType "team-tourn"]
[EventRounds "9"]
[EventCountry "SWE"]
[SourceTitle "EXT 2018"]
[Source "ChessBase"]
[SourceDate "2017.10.13"]
[SourceVersion "1"]
[SourceVersionDate "2017.10.13"]
[SourceQuality "1"]
[WhiteTeam "Kamraterna"]
[BlackTeam "Orgryte"]
[WhiteTeamCountry "SWE"]
[BlackTeamCountry "SWE"]

1. e4 c5 2. Nc3 Nc6 3. g3 g6 4. Bg2 Bg7 5. d3 d6 6. Be3 e6 7. Qd2 Qa5 8. Nge2 Nd4 9. 0-0 Ne7 10. Nc1 Nec6 11. Nb3 Qb6 12. Rac1 0-0 13. Bh6 a5 14. Bxg7 Kxg7 15. Nd1 a4 16. Nxd4 cxd4 17. c4 e5 18. f4 f6 19. h4 h6 20. Nf2 Nb4 21. Ra1 Na6 22. g4 Qb4 23. Qc1 Nc5 24. Bf3 Bd7 25. Be2 Ra6 26. Rb1 b5 27. g5 fxg5 28. hxg5 hxg5 29. f5 gxf5 30. Qxg5+ Kh8 31. Kg2 1-0

[Event "SWE-chT 1415 Superettan"]
[Site "Sweden"]
[Date "2015.03.21"]
[Round "8"]
[White "Andersson, Fredrik1111"]
[Black "Mohammadi, Amir"]
[Result "0-1"]
[WhiteElo "2289"]
[BlackElo "2223"]
[PlyCount "64"]
[EventDate "2014.11.21"]
[EventType "team-tourn"]
[EventRounds "9"]
[EventCountry "SWE"]
[SourceTitle "EXT 2018"]
[Source "ChessBase"]
[SourceDate "2017.10.13"]
[SourceVersion "1"]
[SourceVersionDate "2017.10.13"]
[SourceQuality "1"]
[WhiteTeam "Upsala"]
[BlackTeam "Kamraterna"]
[WhiteTeamCountry "SWE"]
[BlackTeamCountry "SWE"]

1. e4 c5 2. Nf3 e6 3. d4 cxd4 4. Nxd4 Nf6 5. Nc3 d6 6. g4 h6 7. h3 Be7 8. Be3 a6 9. Bg2 Nc6 10. Qe2 Bd7 11. f4 Qa5 12. Nb3 Qc7 13. 0-0-0 Rc8 14. Bf3 Nh7 15. h4 b5 16. g5 Na5 17. Nxa5 Qxa5 18. Bd4 b4 19. Nd5 exd5 20. exd5 0-0 21. Qxe7 Bf5 22. Be4 Rfe8 23. Qxe8+ Rxe8 24. Bxf5 Qxd5 25. Bxh7+ Kxh7 26. Kb1 Re2 27. gxh6 Rd2 28. hxg7 Qxd4 29. Rdg1 Kg8 30. h5 Qe4 31. h6 Qxc2+ 32. Ka1 Qxb2# 0-1

[Event "Malmo op"]
[Site "Malmo"]
[Date "2014.12.14"]
[Round "6"]
[White "Bellon Lopez, Juan Manuel"]
[Black "Mohammadi, Amir"]
[Result "0-1"]
[WhiteElo "2381"]
[BlackElo "2242"]
[PlyCount "124"]
[EventDate "2014.12.12"]
[EventType "swiss"]
[EventRounds "7"]
[EventCountry "SWE"]
[SourceTitle "EXT 2016"]
[Source "ChessBase"]
[SourceDate "2015.10.08"]
[SourceVersion "1"]
[SourceVersionDate "2015.10.08"]
[SourceQuality "1"]

1. b3 f5 2. Bb2 e6 3. g3 Nf6 4. Bg2 d5 5. e3 Bd6 6. c4 c6 7. d3 0-0 8. Nd2 Nbd7 9. Qc2 e5 10. e4 fxe4 11. dxe4 Ng4 12. Nh3 Qb6 13. 0-0 Bc5 14. Bf3 Ndf6 15. cxd5 cxd5 16. exd5 Nxf2 17. Nxf2 Ng4 18. Bxg4 Bxf2+ 19. Kg2 Bxg4 20. Qe4 Qh6 21. Qxg4 Qxd2 22. Bc1 Qxd5+ 23. Kh3 e4 24. Rd1 Qf5 25. Qxf5 Rxf5 26. Rd7 Rf7 27. Rd2 Bc5 28. Re2 Re8 29. Be3 Bxe3 30. Rxe3 Rf2 31. Rae1 Rxa2 32. Rxe4 Rxe4 33. Rxe4 Rb2 34. b4 Kf7 35. g4 Kf6 36. Kg3 Rb3+ 37. Kf2 b6 38. h4 h6 39. Kg2 g5 40. h5 a5 41. bxa5 bxa5 42. Rc4 Rb6 43. Kf3 Rb3+ 44. Kf2 Rb6 45. Ke3 Ra6 46. Kd3 a4 47. Kc2 a3 48. Kb1 Ke5 49. Ka2 Kd5 50. Rb4 Ke5 51. Rc4 Rd6 52. Kxa3 Rd4 53. Rc6 Rxg4 54. Rxh6 Rh4 55. Kb3 g4 56. Kc3 g3 57. Rg6 Kf4 58. h6 Kf3 59. Rf6+ Ke2 60. Rg6 Kf2 61. Rf6+ Kg1 62. Kd2 g2 0-1

[Event "Malmo op"]
[Site "Malmo"]
[Date "2014.12.13"]
[Round "2"]
[White "Mohammadi, Amir"]
[Black "Hillarp Persson, Tiger"]
[Result "0-1"]
[WhiteElo "2242"]
[BlackElo "2544"]
[PlyCount "78"]
[EventDate "2014.12.12"]
[EventType "swiss"]
[EventRounds "7"]
[EventCountry "SWE"]
[SourceTitle "EXT 2016"]
[Source "ChessBase"]
[SourceDate "2015.10.08"]
[SourceVersion "1"]
[SourceVersionDate "2015.10.08"]
[SourceQuality "1"]

1. e4 c5 2. Nc3 Nc6 3. g3 g6 4. Bg2 Bg7 5. d3 d6 6. f4 e5 7. Nf3 Nge7 8. Be3 Nd4 9. h3 0-0 10. Qd2 Rb8 11. 0-0 b5 12. a3 a5 13. Kh2 b4 14. axb4 axb4 15. Ne2 Nxe2 16. Qxe2 exf4 17. gxf4 Bxb2 18. Rab1 Bg7 19. d4 d5 20. dxc5 dxe4 21. Ne5 Qc7 22. Bxe4 Nf5 23. Nc6 Bb7 24. Nxb8 Bxe4 25. Na6 Qc8 26. Nxb4 Re8 27. Rfe1 Nh4 28. Kg3 Bf6 29. Rf1 Nf5+ 30. Kh2 Ba8 31. Rb3 Bd4 32. c6 Nxe3 33. Re1 Bxc6 34. Qd2 Nf5 35. Rxe8+ Qxe8 36. Rd3 Bb6 37. c4 Bb7 38. Rd7 Qe4 39. c5 Qh1# 0-1

[Event "SWE-chT 1415 Superettan"]
[Site "Sweden"]
[Date "2014.11.21"]
[Round "1"]
[White "Mohammadi, Amir"]
[Black "Eriksson, Jorgen"]
[Result "1-0"]
[WhiteElo "2223"]
[BlackElo "2226"]
[PlyCount "113"]
[EventDate "2014.11.21"]
[EventType "team-tourn"]
[EventRounds "9"]
[EventCountry "SWE"]
[SourceTitle "EXT 2018"]
[Source "ChessBase"]
[SourceDate "2017.10.13"]
[SourceVersion "1"]
[SourceVersionDate "2017.10.13"]
[SourceQuality "1"]
[WhiteTeam "Kamraterna"]
[BlackTeam "Umea Rockaden"]
[WhiteTeamCountry "SWE"]
[BlackTeamCountry "SWE"]

1. e4 d6 2. Nc3 Nf6 3. g3 g6 4. Bg2 Bg7 5. d3 0-0 6. Nge2 c6 7. h3 d5 8. e5 Ne8 9. f4 f6 10. d4 Nc7 11. 0-0 b5 12. a3 a5 13. g4 e6 14. Ng3 fxe5 15. dxe5 c5 16. Qe1 Ra6 17. Nd1 Nc6 18. Nf2 Qe7 19. c3 b4 20. g5 bxc3 21. bxc3 Rb6 22. Ng4 Ba6 23. Rf3 Rfb8 24. Nf6+ Bxf6 25. gxf6 Qf7 26. Be3 Bd3 27. Kh2 Rb1 28. Rxb1 Rxb1 29. Qf2 c4 30. Bc5 Ne8 31. Bf1 Bxf1 32. Nxf1 Qb7 33. Qh4 Nd8 34. Qh6 Qf7 35. a4 Nc6 36. Qg5 Nd8 37. h4 Rb2+ 38. Kh1 d4 39. Bxd4 Qb7 40. Qg4 Nf7 41. Kg1 Nc7 42. h5 Kf8 43. hxg6 hxg6 44. Rg3 Qe4 45. Qxg6 Qxg6 46. Rxg6 Na6 47. Ne3 Ra2 48. Nxc4 Rxa4 49. Nd6 Nxd6 50. exd6 Ra1+ 51. Kf2 Rb1 52. d7 Rb8 53. Bb6 Kf7 54. Rh6 a4 55. d8Q Rxd8 56. Bxd8 a3 57. Be7 1-0

[Event "Deltalift op"]
[Site "Halmstad"]
[Date "2014.05.31"]
[Round "8"]
[White "Kantans, Toms"]
[Black "Mohammadi, Amir"]
[Result "1-0"]
[WhiteElo "2440"]
[BlackElo "2220"]
[PlyCount "113"]
[EventDate "2014.03.29"]
[EventType "swiss"]
[EventRounds "8"]
[EventCountry "SWE"]
[SourceTitle "EXT 2015"]
[Source "ChessBase"]
[SourceDate "2014.11.20"]
[SourceVersion "1"]
[SourceVersionDate "2014.11.20"]
[SourceQuality "1"]

1. e4 c5 2. Nf3 e6 3. g3 d6 4. d4 cxd4 5. Nxd4 Nf6 6. Bg2 Be7 7. 0-0 0-0 8. c4 Nc6 9. Nc3 Bd7 10. b3 a6 11. Bb2 Rc8 12. h3 Qa5 13. Nc2 b5 14. Ne3 Qb6 15. Qe2 Na5 16. cxb5 axb5 17. b4 Nc4 18. Nxc4 Rxc4 19. a3 Bc6 20. Rac1 Qb7 21. Rfe1 Nd7 22. Nd5 Bd8 23. Rxc4 bxc4 24. Ne3 Bxe4 25. Qg4 Bf6 26. Bxe4 d5 27. Nxc4 Bxb2 28. Nxb2 Nf6 29. Bxd5 Qxd5 30. Qe2 Rc8 31. Qa6 Ra8 32. Rc1 h5 33. Rc8+ Rxc8 34. Qxc8+ Kh7 35. Qc4 Qe5 36. Qd3+ g6 37. Nc4 Qe1+ 38. Kg2 Nd5 39. Ne3 Nc3 40. Nc2 Qe5 41. Ne3 Qc7 42. Kg1 Kg8 43. b5 Na4 44. Qc4 Qa5 45. Nc2 Nb6 46. Qb4 Qa8 47. Ne3 Kh7 48. Qc5 Qa5 49. Qf8 Qa7 50. Qd8 Qa5 51. a4 Qe1+ 52. Kg2 Nxa4 53. Qf8 f5 54. Qf7+ Kh6 55. Qxe6 Qb1 56. Nd5 Qb3 57. Qe5 1-0

[Event "SWE-chT2 1314"]
[Site "Sweden"]
[Date "2013.11.22"]
[Round "1"]
[White "Berdychevskaya, Natasha"]
[Black "Mohammadi, Amir"]
[Result "1-0"]
[WhiteElo "2209"]
[BlackElo "2219"]
[PlyCount "97"]
[EventDate "2013.11.22"]
[EventType "team-tourn"]
[EventRounds "9"]
[EventCountry "SWE"]
[SourceTitle "EXT 2015"]
[Source "ChessBase"]
[SourceDate "2014.11.20"]
[SourceVersion "1"]
[SourceVersionDate "2014.11.20"]
[SourceQuality "1"]
[WhiteTeam "Sollentuna"]
[BlackTeam "Kamraterna"]
[WhiteTeamCountry "SWE"]
[BlackTeamCountry "SWE"]

1. e4 c5 2. Nf3 e6 3. d4 cxd4 4. Nxd4 Nf6 5. Nc3 d6 6. Be2 a6 7. f4 Qc7 8. 0-0 Be7 9. Qe1 b5 10. a3 Bb7 11. Bf3 0-0 12. Qg3 Nbd7 13. Re1 Rab8 14. Kh1 Kh8 15. e5 Ne8 16. Bd2 g6 17. Rad1 d5 18. Qh3 Bc5 19. Nce2 Nb6 20. g4 Nc4 21. Bc1 Ng7 22. Rd3 f6 23. exf6 Rxf6 24. g5 Rff8 25. b3 e5 26. bxc4 bxc4 27. Rdd1 exd4 28. Nxd4 Qb6 29. Ne6 d4 30. Nxf8 Rxf8 31. Bxb7 Qxb7+ 32. Qg2 Qd7 33. Re5 Qc7 34. Qd5 Bb6 35. Rde1 Rd8 36. Qe4 Bc5 37. Bb2 c3 38. Bc1 Qd6 39. Qb7 Qf8 40. Qxa6 Bd6 41. R5e4 Nf5 42. Qc6 Be7 43. a4 Rc8 44. Qe6 Ra8 45. Qe5+ Kg8 46. Qd5+ Kg7 47. Rxe7+ Nxe7 48. Qxd4+ Kg8 49. Ba3 1-0

[Event "SWE-chT2 1213"]
[Site "Sweden"]
[Date "2013.03.17"]
[Round "9"]
[White "Mohammadi, Amir"]
[Black "Johansson, Thomas1111"]
[Result "1-0"]
[WhiteElo "2224"]
[BlackElo "2179"]
[PlyCount "69"]
[EventDate "2012.10.20"]
[EventType "team-tourn"]
[EventRounds "9"]
[EventCountry "SWE"]
[SourceTitle "EXT 2015"]
[Source "ChessBase"]
[SourceDate "2014.11.20"]
[SourceVersion "1"]
[SourceVersionDate "2014.11.20"]
[SourceQuality "1"]
[WhiteTeam "Kamraterna"]
[BlackTeam "Upsala"]
[WhiteTeamCountry "SWE"]
[BlackTeamCountry "SWE"]

1. e4 e6 2. d3 c5 3. g3 Nc6 4. Bg2 d6 5. Nc3 g6 6. Be3 Bg7 7. Qd2 Qa5 8. f4 Nge7 9. Nf3 Nd4 10. 0-0 Nec6 11. a3 0-0 12. Kh1 Rb8 13. Rab1 b5 14. Qf2 Qd8 15. Nd1 e5 16. c3 Nxf3 17. Qxf3 exf4 18. gxf4 Ne7 19. Nf2 Bb7 20. Qg3 f5 21. Rbd1 Qc7 22. Nh3 Rbe8 23. Ng5 Qc8 24. h4 h6 25. Nh3 Qa8 26. Nf2 fxe4 27. dxe4 d5 28. Bxc5 dxe4 29. Rd7 Rf7 30. Rfd1 Kh7 31. h5 Rf5 32. Bxe7 Rxh5+ 33. Kg1 Bc6 34. Bf6 Bxd7 35. Rxd7 1-0

[Event "SWE-chT2 1213"]
[Site "Sweden"]
[Date "2013.03.16"]
[Round "8"]
[White "Livner, Anders"]
[Black "Mohammadi, Amir"]
[Result "1-0"]
[WhiteElo "2321"]
[BlackElo "2224"]
[PlyCount "81"]
[EventDate "2012.10.20"]
[EventType "team-tourn"]
[EventRounds "9"]
[EventCountry "SWE"]
[SourceTitle "EXT 2015"]
[Source "ChessBase"]
[SourceDate "2014.11.20"]
[SourceVersion "1"]
[SourceVersionDate "2014.11.20"]
[SourceQuality "1"]
[WhiteTeam "Farsta"]
[BlackTeam "Kamraterna"]
[WhiteTeamCountry "SWE"]
[BlackTeamCountry "SWE"]

1. d4 f5 2. g3 Nf6 3. Bg2 e6 4. c4 d5 5. Nh3 c6 6. 0-0 Bd6 7. Bf4 0-0 8. Nd2 b6 9. Qc2 Bb7 10. Rac1 h6 11. Bxd6 Qxd6 12. Nf4 Nbd7 13. cxd5 exd5 14. Qxf5 Rae8 15. Qd3 Nb8 16. Qb3 Ba6 17. Rfe1 Ng4 18. Nf3 Bc4 19. Qc2 Rxf4 20. gxf4 Qxf4 21. e3 Qd6 22. h3 Nf6 23. Ne5 Bb5 24. Qg6 Rf8 25. Ng4 Kh8 26. Nxf6 Rxf6 27. Qg3 Qf8 28. e4 Na6 29. e5 Re6 30. f4 Nb4 31. Qg4 Re8 32. Bf1 Bd3 33. a3 Bf5 34. Qd1 Na6 35. Rxc6 Bd7 36. Rc3 Nb8 37. Bg2 Qxf4 38. Bxd5 Bc6 39. Bg2 Bxg2 40. Kxg2 Nd7 41. Qg4 1-0

[Event "SWE-chT2 1213"]
[Site "Sweden"]
[Date "2012.12.01"]
[Round "3"]
[White "Mohammadi, Amir"]
[Black "Fors, Klas"]
[Result "1-0"]
[WhiteElo "2224"]
[BlackElo "2082"]
[PlyCount "55"]
[EventDate "2012.10.20"]
[EventType "team-tourn"]
[EventRounds "9"]
[EventCountry "SWE"]
[SourceTitle "EXT 2015"]
[Source "ChessBase"]
[SourceDate "2014.11.20"]
[SourceVersion "1"]
[SourceVersionDate "2014.11.20"]
[SourceQuality "1"]
[WhiteTeam "Kamraterna"]
[BlackTeam "Majorna"]
[WhiteTeamCountry "SWE"]
[BlackTeamCountry "SWE"]

1. e4 c5 2. Nc3 Nc6 3. g3 g6 4. Bg2 Bg7 5. d3 e6 6. Be3 Nd4 7. Qd2 Ne7 8. Nd1 d6 9. c3 Ndc6 10. Bh6 Bxh6 11. Qxh6 Ng8 12. Qd2 Bd7 13. Ne3 Qc7 14. Ne2 Nf6 15. 0-0 0-0 16. f4 Ne8 17. f5 Qd8 18. Rf2 Qg5 19. Raf1 exf5 20. exf5 Bxf5 21. Rxf5 gxf5 22. Rxf5 Qh6 23. Nf4 Ne5 24. Rh5 Qg7 25. Nf5 Qf6 26. Nd5 Qe6 27. Qg5+ Ng6 28. Qh6 1-0

[Event "SWE-chT2 0910"]
[Site "Sweden"]
[Date "2010.03.12"]
[Round "7"]
[White "Mohammadi, Amir"]
[Black "Lindberg, Bengt"]
[Result "0-1"]
[WhiteElo "2195"]
[BlackElo "2394"]
[PlyCount "84"]
[EventDate "2009.10.24"]
[EventType "team"]
[EventRounds "9"]
[EventCountry "SWE"]
[SourceTitle "EXT 2011"]
[Source "ChessBase"]
[SourceDate "2010.11.26"]
[SourceVersion "1"]
[SourceVersionDate "2010.11.26"]
[SourceQuality "1"]
[WhiteTeam "Mark"]
[BlackTeam "Solna"]
[WhiteTeamCountry "SWE"]
[BlackTeamCountry "SWE"]

1. e4 c5 2. Nc3 Nc6 3. g3 g6 4. Bg2 Bg7 5. d3 d6 6. Be3 Rb8 7. Qd2 b5 8. Nge2 b4 9. Nd1 Nd4 10. 0-0 e6 11. a3 b3 12. c3 Nc2 13. Rc1 Nxe3 14. Nxe3 Ne7 15. d4 Ba6 16. Rfd1 0-0 17. Nf4 Qa5 18. dxc5 dxc5 19. Qd6 Rfe8 20. Nd3 Rbc8 21. Qf4 c4 22. Nb4 Bb5 23. Bf1 Qa4 24. Rd6 Rc5 25. Ng4 Nc8 26. Rdd1 Qa5 27. a4 Bxa4 28. e5 Bb5 29. Nf6+ Bxf6 30. exf6 Rf5 31. Qh4 Qb6 32. Rd4 Rh5 33. Qe4 Nd6 34. Rxd6 Qxd6 35. Bxc4 Qe5 36. Qxe5 Rxe5 37. Bxb3 Rc8 38. c4 Re2 39. Nd3 Bc6 40. Rc2 Rxc2 41. Bxc2 Be4 42. b3 Rb8 0-1

[Event "SWE-chT 0809"]
[Site "Sweden"]
[Date "2009.02.07"]
[Round "7"]
[White "Mohammadi, Amir"]
[Black "Dragicevic, Drazen"]
[Result "1-0"]
[WhiteElo "2324"]
[BlackElo "2390"]
[PlyCount "77"]
[EventDate "2008.10.25"]
[EventType "team-tourn"]
[EventRounds "11"]
[EventCountry "SWE"]
[SourceTitle "EXT 2011"]
[Source "ChessBase"]
[SourceDate "2010.11.26"]
[SourceVersion "1"]
[SourceVersionDate "2010.11.26"]
[SourceQuality "1"]

1. e4 c5 2. Nc3 Nc6 3. g3 g6 4. Bg2 Bg7 5. d3 e6 6. Be3 d6 7. Qd2 Nd4 8. Nd1 e5 9. c3 Nc6 10. Ne2 Qa5 11. 0-0 Be6 12. a3 Rd8 13. b4 Qc7 14. d4 exd4 15. cxd4 Bc4 16. Ndc3 cxd4 17. Nxd4 Bxf1 18. Nd5 Qd7 19. Rxf1 Nge7 20. Bg5 Nxd5 21. Nxc6 bxc6 22. exd5 0-0 23. Bxd8 Rxd8 24. dxc6 Qc7 25. Bd5 Bf6 26. a4 Kg7 27. b5 h5 28. h4 Re8 29. Re1 Rb8 30. Re4 a6 31. Qd3 Qa5 32. Qc4 axb5 33. axb5 Qxb5 34. Qxb5 Rxb5 35. c7 Rc5 36. Rc4 Rxd5 37. c8Q Rf5 38. Qe8 Re5 39. Qd7 1-0

[Event "SWE-chT 0708"]
[Site "Sweden"]
[Date "2007.10.20"]
[Round "2"]
[White "Janse, Rasmus"]
[Black "Mohammadi, Amir"]
[Result "1-0"]
[WhiteElo "2204"]
[BlackElo "2303"]
[PlyCount "65"]
[EventDate "2007.10.19"]
[EventType "team"]
[EventRounds "11"]
[EventCountry "SWE"]
[SourceTitle "EXT 2009"]
[Source "ChessBase"]
[SourceDate "2008.11.26"]
[SourceVersion "1"]
[SourceVersionDate "2008.11.26"]
[SourceQuality "1"]
[WhiteTeam "Vasteras"]
[BlackTeam "Skara"]
[WhiteTeamCountry "SWE"]
[BlackTeamCountry "SWE"]

1. d4 f5 2. g3 Nf6 3. Bg2 e6 4. c4 d5 5. Nh3 c6 6. 0-0 Bd6 7. Bf4 0-0 8. Nd2 b6 9. Qc2 Bb7 10. Rfd1 Na6 11. a3 Rc8 12. b4 h6 13. Bxd6 Qxd6 14. Nf4 g5 15. Ng6 Rf7 16. Ne5 Rfc7 17. c5 Qe7 18. Qa4 Nb8 19. Qxa7 Ba6 20. Qxb6 Rb7 21. Qa5 Bb5 22. a4 Bxe2 23. b5 cxb5 24. Re1 Bc4 25. Ndxc4 bxc4 26. Nxc4 Ra7 27. Qb6 Ra6 28. Nd6 Rxb6 29. Nxc8 Qb7 30. Nxb6 Kf7 31. Nc4 Ne8 32. Ne5+ Kf6 33. Reb1 1-0

[Event "SWE-chT 0607"]
[Site "Sweden"]
[Date "2007.03.18"]
[Round "11"]
[White "Mohammadi, Amir"]
[Black "Krantz, Christopher"]
[Result "1-0"]
[WhiteElo "2281"]
[BlackElo "2197"]
[PlyCount "83"]
[EventDate "2006.10.20"]
[EventType "team"]
[EventRounds "11"]
[EventCountry "SWE"]
[SourceTitle "EXT 2009"]
[Source "ChessBase"]
[SourceDate "2008.11.26"]
[SourceVersion "1"]
[SourceVersionDate "2008.11.26"]
[SourceQuality "1"]
[WhiteTeam "Skara"]
[BlackTeam "Eksjo"]
[WhiteTeamCountry "SWE"]
[BlackTeamCountry "SWE"]

1. e4 c5 2. Nc3 Nc6 3. g3 g6 4. Bg2 Bg7 5. d3 d6 6. Be3 e6 7. Qd2 Nd4 8. Nd1 Ne7 9. c3 Ndc6 10. Bh6 0-0 11. h4 Bxh6 12. Qxh6 Kh8 13. Nh3 Ng8 14. Qd2 d5 15. h5 Kg7 16. hxg6 fxg6 17. Nf4 d4 18. f3 e5 19. Nd5 Be6 20. c4 b5 21. cxb5 Nce7 22. Qg5 Bxd5 23. Qxe5+ Nf6 24. g4 Kg8 25. 0-0 Nd7 26. Qd6 Bf7 27. Nf2 Rc8 28. g5 Nb6 29. Qh2 Be6 30. Bh3 Bxh3 31. Qxh3 Kh8 32. Ng4 Ng8 33. f4 c4 34. Rf2 c3 35. Ne5 Qd6 36. b3 Rc7 37. Raf1 Rfc8 38. a4 c2 39. Rxc2 Kg7 40. Rh2 Kh8 41. a5 Na8 42. Qxc8 1-0

[Event "SWE-chT 0607"]
[Site "Sweden"]
[Date "2007.03.03"]
[Round "8"]
[White "Hoi, Carsten"]
[Black "Mohammadi, Amir"]
[Result "1-0"]
[WhiteElo "2413"]
[BlackElo "2281"]
[PlyCount "45"]
[EventDate "2006.10.20"]
[EventType "team"]
[EventRounds "11"]
[EventCountry "SWE"]
[SourceTitle "EXT 2009"]
[Source "ChessBase"]
[SourceDate "2008.11.26"]
[SourceVersion "1"]
[SourceVersionDate "2008.11.26"]
[SourceQuality "1"]
[WhiteTeam "Astorp"]
[BlackTeam "Skara"]
[WhiteTeamCountry "SWE"]
[BlackTeamCountry "SWE"]

1. d4 f5 2. Bg5 h6 3. Bh4 c5 4. e4 Qb6 5. exf5 Qxb2 6. Nd2 Qxd4 7. Ngf3 Qg4 8. Bd3 d5 9. h3 Qa4 10. 0-0 Nc6 11. Qe2 c4 12. Bxc4 g5 13. fxg6 dxc4 14. Nxc4 Bg7 15. Rae1 Qb4 16. Rb1 Qc5 17. Rb5 Nd4 18. Nxd4 Qxd4 19. Rd1 Qxh4 20. Nd6+ Kf8 21. Nxc8 Bd4 22. Rf5+ Kg7 23. Qe6 1-0

[Event "SWE-chT 0607"]
[Site "Sweden"]
[Date "2007.02.10"]
[Round "7"]
[White "Klashed, Martin"]
[Black "Mohammadi, Amir"]
[Result "0-1"]
[WhiteElo "2160"]
[BlackElo "2281"]
[PlyCount "84"]
[EventDate "2006.10.20"]
[EventType "team"]
[EventRounds "11"]
[EventCountry "SWE"]
[SourceTitle "EXT 2009"]
[Source "ChessBase"]
[SourceDate "2008.11.26"]
[SourceVersion "1"]
[SourceVersionDate "2008.11.26"]
[SourceQuality "1"]
[WhiteTeam "Linkoping"]
[BlackTeam "Skara"]
[WhiteTeamCountry "SWE"]
[BlackTeamCountry "SWE"]

1. e4 c5 2. Nf3 e6 3. d4 cxd4 4. Nxd4 Nf6 5. Nc3 d6 6. Be2 a6 7. f4 Be7 8. 0-0 Qc7 9. Bf3 0-0 10. Be3 Nc6 11. a4 Bd7 12. Nb3 Na5 13. e5 Ne8 14. Nxa5 Qxa5 15. Ne4 Qc7 16. a5 Bb5 17. Re1 Rc8 18. Bb6 Qb8 19. Kh1 Bc6 20. Qd4 Bd5 21. c3 Rc4 22. Qd3 Rc6 23. Rad1 h6 24. Nd2 dxe5 25. fxe5 Bc5 26. Bxd5 exd5 27. Bxc5 Rxc5 28. b4 Rc6 29. Nb3 Nc7 30. Nc5 Qc8 31. Re3 Ne6 32. Qxd5 Nxc5 33. bxc5 Rxc5 34. Qb3 Rxa5 35. e6 fxe6 36. Rxe6 Kh8 37. Re7 Raf5 38. Qb1 b5 39. Qa1 Qxc3 40. Qb1 Qc2 41. h3 Qxb1 42. Rxb1 Rf1+ 0-1

[Event "Nordic-ch U20"]
[Site "Oslo"]
[Date "2005.02.19"]
[Round "3"]
[White "Mohammadi, Amir"]
[Black "Berg, Olaf"]
[Result "0-1"]
[WhiteElo "2163"]
[BlackElo "2194"]
[PlyCount "82"]
[EventDate "2005.02.18"]
[EventType "swiss"]
[EventRounds "6"]
[EventCountry "NOR"]
[SourceTitle "CBM 104 Extra"]
[Source "ChessBase"]
[SourceDate "2005.03.01"]
[SourceVersion "1"]
[SourceVersionDate "2005.03.01"]
[SourceQuality "1"]

1. e4 d5 2. exd5 Nf6 3. b3 Qxd5 4. Nc3 Qa5 5. Bb2 c6 6. h3 Bf5 7. Nf3 e6 8. a3 Nbd7 9. Bc4 Bd6 10. 0-0 0-0-0 11. b4 Qc7 12. b5 Nb6 13. Bb3 c5 14. a4 c4 15. Ba2 Bb4 16. Bb1 Ba5 17. Ne2 Rd5 18. Bc3 Bxc3 19. Nxc3 Rd6 20. Qe2 Qc5 21. Ne5 Rhd8 22. Rd1 Nbd5 23. Na2 Nf4 24. Qxc4 Qxc4 25. Nxc4 Rd4 26. Ne3 Rxd2 27. Re1 Bxh3 28. Nc1 Bxg2 29. Nb3 R2d5 30. Nxd5 Rxd5 31. f3 Bxf3 32. Kf2 Bh5 33. c4 Rg5 34. Be4 Nh3+ 35. Ke3 Rg3+ 36. Kd4 Rxb3 37. c5 Nd7 38. Kc4 Rb2 39. Rad1 Bxd1 40. Rxd1 Ne5+ 41. Kc3 Re2 0-1